Largest cities in the Philippines - Statistics

General Stats
  • This quiz has been taken 144 times
  • The average score is 4 of 6
Answer Stats
Answer % Correct
Manila
96%
Cebu
89%
Davao
81%
Quezon City
74%
Zamboanga
34%
Caloocan
19%
No matching quizzes found
Score Distribution
Percent of People with Each Score
Percentile by Number Answered
Your Score History
You have not taken this quiz